000 02447nam2a2200265 4500
001 RU\NLR\BIBL_A\022690326
005 20260213141407.0
010 _a978-5-901985-14-4
_9500
021 _aRU
_bКН-П-25-067982
_9КН-П-25-6578
035 _a(NLR Aleph) 022690326
090 _a13507677
_c13507677
100 _a20251218d2025 k y0rusy50 ca
101 0 _arus
_aeng
102 _aRU
105 _aa z 100zy
200 0 _aЧ. 2
_eнаучные труды участников юбилейного годичного собрания МАНПО
210 _d2025
215 _a397, [8] с.
_cил.
461 0 _1001RU\NLR\BIBL_A\022690317
_12001#$aЯзык и актуальные проблемы образования$eнаучные труды международной научно-практической конференции, посвященной 30-летию Международной академии наук педагогического образования, Москва 24-25 октября 2025 года$eв 2-х частях$fМеждународная академия наук педагогического образования, Московский педагогический государственный университет [и др.]$gпод редакцией Е. И. Артамоновой$vЧ. 2
_913552682
_cМосква
_d2025
_fМеждународная академия наук педагогического образования, Московский педагогический государственный университет [и др.]
_nМАНПО
_oнаучные труды международной научно-практической конференции, посвященной 30-летию Международной академии наук педагогического образования, Москва 24-25 октября 2025 года : в 2-х частях
_tЯзык и актуальные проблемы образования
_vЧ. 2
711 0 2 _aМеждународная академия наук педагогического образования
_bГодичное собрание
_eМосква
_f2025
_92692025
_3RU\NLR\AUTH\880637160
942 _cBOOK
980 _aNB